|
|
|
|
| LEADER |
00916nam a2200241 a 4500 |
| 001 |
3636263 |
| 008 |
091124s1976 nyu b 001 0 eng d |
| 010 |
|
|
|a 75046360
|
| 020 |
|
|
|a 019502043X
|
| 040 |
|
|
|a DLC
|c DLC
|d DLC
|
| 082 |
0 |
0 |
|a 338.9
|
| 100 |
1 |
|
|a Meier, Gerald M.
|
| 245 |
1 |
0 |
|a Leading issues in economic development /
|c Gerald M. Meier.
|
| 250 |
|
|
|a 3d ed.
|
| 260 |
|
|
|a New York :
|b Oxford University Press,
|c 1976.
|
| 300 |
|
|
|a xv, 862 p. ;
|c 24 cm.
|
| 500 |
|
|
|a First ed. published in 1964 under title: Leading issues in development economics.
|
| 504 |
|
|
|a Includes bibliographies and index.
|
| 541 |
1 |
|
|e 00001852
|
| 650 |
|
0 |
|a Economic development.
|
| 852 |
4 |
|
|a Ayesha Abed Library
|j General Shelf
|
| 999 |
|
|
|c 5929
|d 5929
|
| 952 |
|
|
|0 0
|1 0
|2 ddc
|4 0
|6 338_900000000000000_MEI_1976
|7 0
|9 5915
|a BRACUL
|b BRACUL
|c GEN
|d 2009-12-06
|g 672.00
|l 2
|m 11
|o 338.9 MEI
|p 3010001852
|r 2017-09-19
|s 2017-05-28
|t 1
|v 1344.00
|w 2009-12-06
|y BK
|